000 00783cam a22002893a 4500
001 0000677
003 DO-SdBNP
005 20230927110736.0
007 0000677
008 8611122001 ck 000 0 spa d
010 _a
020 _a9586072436
040 _aBPMSU
_cspa
_dBPMSU
_d
082 4 _a306.8
_bM672t 2001
_222
100 1 _aMiranda, José Miguel
245 1 0 _aTres para el matrimonio /
_cJosé Miguel Miranda
250 _a11a. ed.
260 _aBogotá, Colombia :
_bSan Pablo,
_c2001.
300 _a260 p. :
_c21 cm.
490 0 _aFamilia
590 _aInventariado, 2023/VM
650 4 _aMatrimonio
_xAspectos sociales.
650 4 _aVida familiar
650 4 _aFelicidad
_xAspectos sociales.
910 _aVMateo V. Control de calidad. BPMSU
942 _2ddc
_cBK
999 _c11413
_d11413